000 00741nam a2200205Ia 4500
003 GCL
005 20240530110120.0
008 140319s9999 xx 000 0 ara d
040 _aGCL /
_cGCL
082 0 4 _a230.9
_bج ت
100 1 _aعبدالرحمن الجوزى، عبدالرحمن بن على بن محمد،1116 - 1201 م
245 1 0 _aتلقيح فهوم اهل الاثر فى عيون التاريخ والسير /
_cعبدالرحمن الجوزى، عبدالرحمن بن على بن محمد 1116 - 1201 م
260 _a[S.N] :
_bدار الكتب المصرية
300 _a742 ص
650 0 4 _aالاسلام
650 0 4 _aالحديث
650 0 4 _aالاسناد
650 0 4 _aالقران
942 _2ddc
_cBK
999 _c58693
_d58693